| 000 | 00620cam a2200229M 4500 | ||
|---|---|---|---|
| 001 | 6139893 | ||
| 003 | ARRUPE | ||
| 005 | 20161031112809.0 | ||
| 008 | 001113s1900 gw a 000 1 ger d | ||
| 035 | _a(OCoLC)ocm58430921 | ||
| 035 | _a(NNC)6139893 | ||
| 035 | _a(OCoLC)58430921 | ||
| 040 |
_aERL _cERL _dZCU |
||
| 050 | _aPZ34.B32 | ||
| 100 | 1 |
_aBechstein, Ludwig, _d1801-1860. _926675 |
|
| 245 | 1 | 0 |
_aMärchen/ _cLudwig Bechstein ; |
| 260 |
_aWien: _bVerlag Carl Ueberreuter, _c1946 |
||
| 300 |
_a328 p : _c23 cm. |
||
| 650 | 0 |
_aFairy tales. _926676 |
|
| 650 | 0 |
_aTales, German _926677 |
|
| 942 |
_2lcc _cMONOGRAPH |
||
| 999 |
_c125491 _d125491 |
||